Liberalización de los mercados de capitales, globalización y el FMI (Registro nro. 16642)

Detalles MARC
000 -LEADER
fixed length control field 00364 a2200109 4500
001 - CONTROL NUMBER
control field ART_3711
005 - DATE AND TIME OF LATEST TRANSACTION
control field 20260410161717.0
008 - FIXED-LENGTH DATA ELEMENTS--GENERAL INFORMATION
fixed length control field 260409a
100 1# - MAIN ENTRY--PERSONAL NAME
Personal name Stiglitz, Joseph E.
245 10 - TITLE STATEMENT
Title Liberalización de los mercados de capitales, globalización y el FMI
773 0# - HOST ITEM ENTRY
Title Desarrollo económico
Related parts - Vol. 45, Nº 177 (abr./jun. 2005)
Record control number REV1174

No hay ítems disponibles.